| 000 | 00771cam a2200217 4500 | ||
|---|---|---|---|
| 001 | WB3612-05 | ||
| 008 | 000000n2000 000 0 eng u | ||
| 035 | _a(Sirsi) u104941 | ||
| 245 | _aProperty chief calls top of market | ||
| 260 | _c2000 | ||
| 490 |
_aFinancial Times _v 21 March 2000, 25(1) |
||
| 520 | _aPrestbury's Nick Leslau says that property values in some sectors are likely to fall in the next few months. Mr Leslau believes one reason for declining values is poor corporate disclosure. Graph. | ||
| 590 | _aWB | ||
| 650 | _aPROPERTY VALUES | ||
| 650 | _aPROPERTY COMPANIES | ||
| 650 | _aSHARES | ||
| 650 | _aFORECASTS | ||
| 650 | _aNICK LESLAU | ||
| 690 | _aPROPERTY-COMMERCIAL PROPERTY-COMMERCIAL PROPERTY FINANCE AND INVESTMENT | ||
| 942 | _n0 | ||
| 999 |
_c62954 _d62954 |
||